Nigeria journal of engineering and applied sciences(NJEAS) (Record no. 38522)

MARC details
000 -LEADER
fixed length control field 00436nam a2200169Ia 4500
022 ## - INTERNATIONAL STANDARD SERIAL NUMBER
ISSN 24657425
050 ## - CALL MARK
Classification number QD 33 .N54/
245 #0 - TITLE STATEMENT
Title Nigeria journal of engineering and applied sciences(NJEAS)
260 ## - PUBLICATION, DISTRIBUTION, ETC. (IMPRINT)
Place of publication Minna, Nigeria
260 ## - PUBLICATION, DISTRIBUTION, ETC. (IMPRINT)
Name of publisher Fatih University
260 ## - PUBLICATION, DISTRIBUTION, ETC. (IMPRINT)
Year of publication 2016
300 ## - PHYSICAL DESCRIPTION
Number of Pages ii, 119 p. :ill. ; 29 cm
650 ## - SUBJECT ADDED ENTRY--TOPICAL TERM
Topical Term Chemistry
942 ## - ADDED ENTRY ELEMENTS (KOHA)
Koha item type Serials

No items available.